[Event "26th 4NCL Congress"]
[Site "Woodland Grange, Leamington Spa"]
[Date "2021.09.11"]
[Round "3"]
[Board "17"]
[White "James, Chris"]
[Black "Dias, Savin"]
[Result "0-1"]
[WhiteElo "1990"]
[BlackElo "2155"]
[PlyCount "0"]
[EventDate "2021.09.10"]
[EventRounds "5"]
[EventCountry "ENG"]

1. e4 {[%clk 01:30:58]} {[%emt 00:00:01]} c5 {[%clk 01:30:57]} {[%emt
00:00:03]} 2. Nf3 {[%clk 01:30:59]} {[%emt 00:00:29]} Nc6 {[%clk 01:31:23]}
{[%emt 00:00:05]} 3. b4 {[%clk 01:31:16]} {[%emt 00:00:13]} cxb4 {[%clk
01:30:11]} {[%emt 00:01:42]} 4. d4 {[%clk 01:31:24]} {[%emt 00:00:21]} d5
{[%clk 01:28:48]} {[%emt 00:01:53]} 5. exd5 {[%clk 01:31:34]} {[%emt 00:00:20]}
Qxd5 {[%clk 01:29:08]} {[%emt 00:00:11]} 6. c4 {[%clk 01:31:55]} {[%emt
00:00:09]} bxc3 {[%clk 01:19:45]} {[%emt 00:09:54]} 7. Nxc3 {[%clk 01:32:16]}
{[%emt 00:00:09]} Qa5 {[%clk 01:18:44]} {[%emt 00:01:31]} 8. Rb1 {[%clk
01:32:15]} {[%emt 00:00:31]} e6 {[%clk 01:07:53]} {[%emt 00:14:59]} 9. Bd2
{[%clk 01:32:26]} Bb4 {[%clk 01:06:42]} 10. Qc2 {[%clk 01:32:44]} Nf6 {[%clk
01:06:18]} 11. Bb5 {[%clk 01:32:32]} {[%emt 00:00:09]} O-O {[%clk 01:02:42]}
{[%emt 00:04:05]} 12. O-O {[%clk 01:32:43]} {[%emt 00:00:19]} Bxc3 {[%clk
01:00:15]} {[%emt 00:02:58]} 13. Bxc3 {[%clk 01:31:26]} {[%emt 00:01:47]} Qc7
{[%clk 00:59:19]} {[%emt 00:01:26]} 14. Bb4 {[%clk 01:26:44]} {[%emt 00:05:11]}
Rd8 {[%clk 00:58:36]} {[%emt 00:01:14]} 15. Rfc1 {[%clk 01:26:50]} {[%emt
00:00:24]} Bd7 {[%clk 00:57:21]} {[%emt 00:01:45]} 16. Be7 {[%clk 01:25:31]}
{[%emt 00:01:48]} Rdc8 {[%clk 00:55:47]} {[%emt 00:02:04]} 17. Ng5 {[%clk
01:20:00]} {[%emt 00:06:00]} Qf4 {[%clk 00:49:21]} {[%emt 00:06:58]} 18. Bxf6
{[%clk 01:16:26]} {[%emt 00:04:05]} Qxf6 {[%clk 00:49:37]} {[%emt 00:00:14]} 19.
Qxh7+ {[%clk 01:13:06]} {[%emt 00:03:50]} Kf8 {[%clk 00:50:03]} {[%emt
00:00:04]} 20. Qh5 {[%clk 01:10:06]} {[%emt 00:03:29]} Kg8 {[%clk 00:47:16]}
{[%emt 00:03:18]} 21. h4 {[%clk 01:06:29]} {[%emt 00:04:07]} g6 {[%clk
00:41:26]} {[%emt 00:06:20]} 22. Qh7+ {[%clk 00:54:45]} {[%emt 00:12:14]} Kf8
{[%clk 00:41:50]} {[%emt 00:00:07]} 23. Rc3 {[%clk 00:52:48]} {[%emt 00:02:26]}
Nxd4 {[%clk 00:24:54]} {[%emt 00:17:26]} 24. Rxc8+ {[%clk 00:52:30]} {[%emt
00:00:48]} Bxc8 {[%clk 00:24:36]} {[%emt 00:00:48]} 25. Qh6+ {[%clk 00:46:39]}
{[%emt 00:06:20]} Qg7 {[%clk 00:22:57]} {[%emt 00:02:09]} 26. Qxg7+ {[%clk
00:45:28]} {[%emt 00:01:41]} Kxg7 {[%clk 00:23:11]} {[%emt 00:00:17]} 27. Ba4
{[%clk 00:42:29]} {[%emt 00:03:29]} Ne2+ {[%clk 00:21:32]} {[%emt 00:02:10]} 28.
Kf1 {[%clk 00:42:48]} {[%emt 00:00:10]} Nc3 {[%clk 00:21:58]} {[%emt 00:00:05]}
29. Rb4 {[%clk 00:43:05]} {[%emt 00:00:13]} Nxa4 {[%clk 00:21:34]} {[%emt
00:00:54]} 30. Rxa4 {[%clk 00:43:29]} {[%emt 00:00:06]} Bd7 {[%clk 00:20:59]}
{[%emt 00:01:05]} 31. Rb4 {[%clk 00:43:14]} {[%emt 00:00:45]} Bc6 {[%clk
00:21:10]} {[%emt 00:00:20]} 32. Ke2 {[%clk 00:42:02]} {[%emt 00:01:41]} Rc8
{[%clk 00:19:53]} {[%emt 00:01:48]} 33. Rf4 {[%clk 00:41:47]} {[%emt 00:00:45]}
Rc7 {[%clk 00:20:13]} {[%emt 00:00:10]} 34. f3 {[%clk 00:41:19]} {[%emt
00:00:58]} Bd5 {[%clk 00:20:00]} {[%emt 00:00:44]} 35. a3 {[%emt 00:03:23]} a5
{[%clk 00:18:01]} 36. Kd2 {[%clk 00:40:44]} {[%emt 00:00:38]} e5 {[%clk
00:17:44]} {[%emt 00:00:47]}  0-1

[Event "26th 4NCL Congress"]
[Site "Woodland Grange, Leamington Spa"]
[Date "2021.09.11"]
[Round "3"]
[Board "18"]
[White "Pollack, Oscar"]
[Black "Alizada, Eldar A"]
[Result "1/2-1/2"]
[WhiteElo "2145"]
[BlackElo "2028"]
[PlyCount "0"]
[EventDate "2021.09.10"]
[EventRounds "5"]
[EventCountry "ENG"]

1. e4 {[%clk 01:30:57]} {[%emt 00:00:03]} e6 {[%clk 01:30:54]} {[%emt
00:00:06]} 2. d4 {[%clk 01:31:25]} {[%emt 00:00:03]} d5 {[%clk 01:31:19]}
{[%emt 00:00:05]} 3. Nc3 {[%clk 01:31:52]} {[%emt 00:00:03]} dxe4 {[%clk
01:31:28]} {[%emt 00:00:21]} 4. Nxe4 {[%clk 01:32:21]} {[%emt 00:00:01]} Nd7
{[%clk 01:31:51]} {[%emt 00:00:07]} 5. Nf3 {[%clk 01:32:42]} {[%emt 00:00:09]}
Ngf6 {[%clk 01:32:16]} {[%emt 00:00:05]} 6. Nxf6+ {[%clk 01:33:07]} {[%emt
00:00:05]} Nxf6 {[%clk 01:32:41]} {[%emt 00:00:05]} 7. Bd3 {[%clk 01:33:30]}
{[%emt 00:00:06]} Be7 {[%clk 01:32:50]} {[%emt 00:00:21]} 8. O-O {[%clk
01:33:45]} {[%emt 00:00:16]} O-O {[%clk 01:33:07]} {[%emt 00:00:13]} 9. c3
{[%clk 01:33:38]} {[%emt 00:00:38]} b6 {[%clk 01:33:18]} {[%emt 00:00:18]} 10.
Re1 {[%clk 01:33:48]} {[%emt 00:00:19]} Bb7 {[%clk 01:33:40]} {[%emt 00:00:08]}
11. Bg5 {[%clk 01:33:54]} {[%emt 00:00:22]} c5 {[%clk 01:29:46]} {[%emt
00:04:27]} 12. Qe2 {[%clk 01:32:34]} {[%emt 00:01:48]} cxd4 {[%clk 01:26:38]}
{[%emt 00:03:40]} 13. Nxd4 {[%clk 01:31:21]} {[%emt 00:01:43]} Qd5 {[%clk
01:24:29]} {[%emt 00:02:39]} 14. Nf3 {[%clk 01:29:11]} {[%emt 00:02:40]} h6
{[%clk 01:21:29]} {[%emt 00:11:37]} 15. Bf4 {[%clk 01:24:19]} Rad8 {[%clk
01:18:15]} {[%emt 00:00:59]} 16. Rad1 {[%clk 01:23:33]} {[%emt 00:01:16]} Qh5
{[%clk 01:17:36]} {[%emt 00:01:09]} 17. Nd4 {[%clk 01:21:55]} {[%emt 00:02:08]}
Qxe2 {[%clk 01:16:35]} {[%emt 00:01:30]} 18. Rxe2 {[%clk 01:22:16]} {[%emt
00:00:09]} Nd5 {[%clk 01:04:04]} {[%emt 00:13:01]} 19. Bg3 {[%clk 01:19:42]}
{[%emt 00:03:03]} Bf6 {[%clk 00:53:15]} {[%emt 00:11:21]} 20. Nb5 {[%clk
01:17:17]} {[%emt 00:02:55]} Bg5 {[%clk 00:48:24]} {[%emt 00:05:21]} 21. Ree1
{[%clk 01:14:20]} {[%emt 00:03:27]} Bf4 {[%clk 00:39:23]} {[%emt 00:09:30]} 22.
Bxf4 {[%clk 01:11:19]} {[%emt 00:03:31]} Nxf4 {[%clk 00:39:51]} {[%emt
00:00:02]} 23. Bf1 {[%clk 01:11:34]} {[%emt 00:00:14]} Rd5 {[%clk 00:34:12]}
{[%emt 00:06:09]} 24. Rxd5 {[%clk 01:06:34]} {[%emt 00:05:31]} Nxd5 {[%clk
00:33:41]} {[%emt 00:01:01]} 25. a3 {[%clk 01:06:00]} {[%emt 00:01:04]} Ra8
{[%clk 00:31:12]} {[%emt 00:02:59]} 26. g3 {[%clk 01:04:49]} {[%emt 00:01:41]}
Nf6 {[%clk 00:30:31]} {[%emt 00:01:11]} 27. Rd1 {[%clk 01:04:38]} {[%emt
00:00:42]} Kf8 {[%clk 00:30:34]} {[%emt 00:00:26]} 28. Bg2 {[%clk 01:04:12]}
{[%emt 00:00:56]} Bxg2 {[%clk 00:30:37]} {[%emt 00:00:27]} 29. Kxg2 {[%clk
01:04:40]} {[%emt 00:00:02]} Ke7 {[%clk 00:30:55]} {[%emt 00:00:12]} 30. Nd4
{[%clk 01:04:12]} {[%emt 00:00:59]} Rc8 {[%clk 00:30:54]} {[%emt 00:00:30]} 31.
f4 {[%clk 01:03:29]} {[%emt 00:01:13]} g6 {[%clk 00:29:33]} {[%emt 00:01:52]}
32. Kf3 {[%clk 01:02:43]} {[%emt 00:01:15]} h5 {[%clk 00:29:36]} {[%emt
00:00:27]} 33. Rc1 {[%clk 01:02:06]} {[%emt 00:01:08]} Nd7 {[%clk 00:28:26]}
{[%emt 00:01:38]} 34. Re1 {[%clk 01:01:23]} {[%emt 00:01:15]} Nc5 {[%clk
00:27:01]} {[%emt 00:01:55]} 35. f5 {[%clk 01:00:45]} {[%emt 00:01:08]} Kf6
{[%clk 00:26:28]} {[%emt 00:01:03]} 36. fxe6 {[%clk 01:00:44]} {[%emt
00:00:31]} Nxe6 {[%clk 00:26:24]} {[%emt 00:00:34]} 37. Nxe6 fxe6 {[%clk
00:26:52]} 38. Rd1 {[%clk 01:00:38]} {[%emt 00:00:13]} Rc7 {[%clk 00:26:52]}
{[%emt 00:00:30]} 39. Ke4 {[%clk 01:00:17]} {[%emt 00:00:50]} Rc4+ {[%clk
00:26:50]} {[%emt 00:00:33]} 40. Rd4 {[%clk 01:00:26]} {[%emt 00:00:21]} Rc6
{[%clk 00:26:29]} {[%emt 00:00:51]} 41. Rd7 {[%clk 00:59:56]} {[%emt 00:01:00]}
a5 {[%clk 00:26:46]} {[%emt 00:00:13]} 42. Kd4 {[%clk 00:59:32]} {[%emt
00:00:54]} e5+ {[%clk 00:26:41]} {[%emt 00:00:36]} 43. Kd5 {[%clk 00:59:39]}
{[%emt 00:00:22]} Re6 {[%clk 00:26:58]} {[%emt 00:00:13]} 44. Ke4 {[%clk
00:59:50]} {[%emt 00:00:19]} Rc6 {[%clk 00:27:16]} {[%emt 00:00:12]} 45. Rd8
{[%clk 01:00:01]} {[%emt 00:00:16]} Re6 {[%clk 00:23:46]} {[%emt 00:04:04]} 46.
Rd5 {[%clk 00:59:36]} {[%emt 00:00:55]} Rc6 {[%clk 00:24:06]} {[%emt 00:00:10]}
47. Rb5 {[%clk 00:58:45]} {[%emt 00:01:21]} Re6 {[%clk 00:23:51]} {[%emt
00:00:44]} 48. c4 {[%clk 00:58:10]} {[%emt 00:01:06]} Rc6 {[%clk 00:22:00]}
{[%emt 00:02:20]} 49. c5 {[%clk 00:56:26]} {[%emt 00:02:15]} bxc5 {[%clk
00:20:18]} {[%emt 00:02:13]} 50. Rxa5 {[%clk 00:56:26]} {[%emt 00:00:30]} Rb6
{[%clk 00:17:45]} {[%emt 00:03:03]} 51. Rxc5 {[%clk 00:56:43]} {[%emt
00:00:12]} Rxb2 {[%clk 00:18:05]} {[%emt 00:00:09]} 52. Rc6+ {[%clk 00:57:05]}
{[%emt 00:00:08]} Kg7 {[%clk 00:17:54]} {[%emt 00:00:41]} 53. Kxe5 {[%clk
00:57:16]} {[%emt 00:00:19]} Rxh2 {[%clk 00:18:15]} {[%emt 00:00:09]} 54. a4
{[%clk 00:57:07]} {[%emt 00:00:40]} Ra2 {[%clk 00:16:34]} {[%emt 00:02:10]} 55.
Rc4 {[%clk 00:57:24]} {[%emt 00:00:12]} Ra3 {[%clk 00:16:46]} {[%emt 00:00:19]}
56. Kf4 {[%clk 00:57:45]} {[%emt 00:00:09]} Kf6 {[%clk 00:16:52]} {[%emt
00:00:23]} 57. Rc6+ {[%clk 00:57:58]} {[%emt 00:00:17]} Kf7 {[%clk 00:16:42]}
{[%emt 00:00:39]} 58. Rc4 {[%clk 00:57:55]} {[%emt 00:00:35]}  1/2-1/2

[Event "26th 4NCL Congress"]
[Site "Woodland Grange, Leamington Spa"]
[Date "2021.09.11"]
[Round "3"]
[Board "19"]
[White "Zhu, Yaoyao"]
[Black "Finn, Peter"]
[Result "0-1"]
[WhiteElo "1993"]
[BlackElo "2111"]
[PlyCount "0"]
[EventDate "2021.09.10"]
[EventRounds "5"]
[EventCountry "ENG"]

1. e4 {[%clk 01:28:16]} {[%emt 00:02:36]} c5 {[%clk 01:30:52]} {[%emt
00:00:14]} 2. Nf3 {[%clk 01:28:38]} {[%emt 00:00:09]} Nc6 {[%clk 01:31:18]}
{[%emt 00:00:05]} 3. Bb5 {[%clk 01:29:02]} {[%emt 00:00:06]} Nf6 {[%clk
01:31:32]} {[%emt 00:00:16]} 4. d3 {[%clk 01:29:13]} {[%emt 00:00:18]} Qa5+
{[%clk 01:31:42]} {[%emt 00:00:20]} 5. Nc3 {[%clk 01:29:33]} {[%emt 00:00:10]}
Nd4 {[%clk 01:32:06]} {[%emt 00:00:06]} 6. Bc4 {[%clk 01:26:23]} {[%emt
00:03:39]} b5 {[%clk 01:32:20]} {[%emt 00:00:17]} 7. Bb3 {[%clk 01:23:18]}
{[%emt 00:03:36]} Nxb3 {[%clk 01:32:43]} {[%emt 00:00:08]} 8. cxb3 {[%clk
01:23:41]} {[%emt 00:00:07]} b4 {[%clk 01:31:57]} {[%emt 00:01:16]} 9. Ne2
{[%clk 01:18:51]} {[%emt 00:05:21]} e6 {[%clk 01:30:21]} {[%emt 00:02:05]} 10.
O-O {[%clk 01:18:24]} {[%emt 00:00:57]} Be7 {[%clk 01:29:11]} {[%emt 00:01:40]}
11. Nf4 {[%clk 01:07:06]} {[%emt 00:11:48]} Bb7 {[%clk 01:27:51]} {[%emt
00:01:50]} 12. e5 {[%clk 01:05:40]} {[%emt 00:01:57]} Nd5 {[%clk 01:27:29]}
{[%emt 00:00:52]} 13. Nxd5 {[%clk 01:05:58]} {[%emt 00:00:12]} Bxd5 {[%clk
01:27:52]} {[%emt 00:00:07]} 14. Nd2 {[%clk 01:05:28]} {[%emt 00:00:59]} Qc7
{[%clk 01:26:14]} {[%emt 00:02:07]} 15. Re1 {[%clk 00:59:01]} {[%emt 00:06:58]}
d6 {[%clk 01:24:47]} {[%emt 00:01:57]} 16. Nc4 {[%clk 00:52:02]} {[%emt
00:07:29]} Bxc4 {[%clk 01:24:02]} {[%emt 00:01:15]} 17. bxc4 {[%clk 00:51:35]}
{[%emt 00:00:57]} dxe5 {[%clk 01:24:19]} {[%emt 00:00:13]} 18. Qa4+ {[%clk
00:50:49]} {[%emt 00:01:17]} Kf8 {[%clk 01:24:13]} {[%emt 00:00:35]} 19. a3
{[%clk 00:49:23]} {[%emt 00:01:56]} f6 {[%clk 01:22:45]} {[%emt 00:01:58]} 20.
axb4 {[%clk 00:47:18]} {[%emt 00:02:36]} cxb4 {[%clk 01:23:09]} {[%emt
00:00:05]} 21. Be3 {[%clk 00:40:16]} {[%emt 00:07:32]} Kf7 {[%clk 01:22:24]}
{[%emt 00:01:15]} 22. c5 {[%clk 00:38:16]} {[%emt 00:02:31]} a5 {[%clk
01:20:34]} {[%emt 00:02:20]} 23. Qb3 {[%clk 00:34:54]} {[%emt 00:03:52]} Rhd8
{[%clk 01:19:30]} {[%emt 00:01:33]} 24. Qc4 {[%clk 00:25:10]} {[%emt 00:10:14]}
Qc6 {[%clk 01:16:49]} {[%emt 00:03:11]} 25. Red1 {[%clk 00:21:46]} {[%emt
00:03:54]} Qd5 {[%clk 01:13:52]} {[%emt 00:03:27]} 26. Qc2 {[%clk 00:17:23]}
{[%emt 00:04:54]} Rdc8 {[%clk 01:13:47]} {[%emt 00:00:35]} 27. d4 {[%clk
00:17:16]} {[%emt 00:00:36]} exd4 {[%clk 01:06:42]} {[%emt 00:07:35]} 28. Bxd4
{[%clk 00:12:34]} {[%emt 00:05:13]} Qh5 {[%clk 01:06:26]} {[%emt 00:00:46]} 29.
c6 {[%clk 00:12:06]} {[%emt 00:00:58]} Ra6 {[%clk 01:05:01]} {[%emt 00:01:54]}
30. Rdc1 {[%clk 00:11:17]} {[%emt 00:01:20]} Raxc6 {[%clk 01:04:36]} {[%emt
00:00:53]} 31. Qd2 {[%clk 00:09:23]} {[%emt 00:02:25]} Rxc1+ {[%clk 01:04:22]}
{[%emt 00:00:44]} 32. Rxc1 {[%clk 00:09:50]} {[%emt 00:00:02]} Rxc1+ {[%clk
01:04:45]} {[%emt 00:00:07]} 33. Qxc1 {[%clk 00:10:14]} {[%emt 00:00:06]} Qd5
{[%clk 01:04:58]} {[%emt 00:00:17]} 34. Be3 {[%clk 00:10:15]} {[%emt 00:00:30]}
a4 {[%clk 01:04:57]} {[%emt 00:00:30]} 35. Qd1 {[%emt 00:00:38]}  0-1

[Event "26th 4NCL Congress"]
[Site "Woodland Grange, Leamington Spa"]
[Date "2021.09.11"]
[Round "3"]
[Board "20"]
[White "Kumar, Sanjit S"]
[Black "Leslie, Alex"]
[Result "0-1"]
[WhiteElo "1818"]
[BlackElo "2088"]
[PlyCount "0"]
[EventDate "2021.09.10"]
[EventRounds "5"]
[EventCountry "ENG"]

1. d4 {[%clk 01:30:59]} Nf6 {[%clk 01:30:53]} {[%emt 00:00:07]} 2. c4 {[%clk
01:31:22]} {[%emt 00:00:07]} e6 {[%clk 01:31:19]} {[%emt 00:00:04]} 3. Nc3
{[%clk 01:31:45]} {[%emt 00:00:07]} Bb4 {[%clk 01:31:45]} {[%emt 00:00:05]} 4.
Qc2 {[%clk 01:32:06]} {[%emt 00:00:09]} O-O {[%clk 01:32:06]} {[%emt 00:00:10]}
5. e4 {[%clk 01:32:30]} {[%emt 00:00:06]} d6 {[%clk 01:30:12]} {[%emt
00:02:23]} 6. e5 {[%clk 01:31:41]} {[%emt 00:01:19]} dxe5 {[%clk 01:29:30]}
{[%emt 00:01:13]} 7. dxe5 {[%clk 01:32:01]} {[%emt 00:00:10]} Nfd7 {[%clk
01:28:16]} {[%emt 00:01:44]} 8. a3 {[%clk 01:19:41]} {[%emt 00:12:50]} Bxc3+
{[%clk 01:26:57]} {[%emt 00:01:46]} 9. Qxc3 {[%clk 01:19:59]} {[%emt 00:00:14]}
b6 {[%clk 01:24:55]} {[%emt 00:09:58]} 10. Nf3 {[%clk 01:13:07]} Bb7 {[%clk
01:20:58]} {[%emt 00:04:22]} 11. Bd3 {[%clk 01:07:36]} {[%emt 00:06:02]} h6
{[%clk 01:20:45]} {[%emt 00:00:42]} 12. Bc2 {[%clk 01:01:39]} {[%emt 00:06:27]}
Nc6 {[%clk 01:19:09]} {[%emt 00:02:06]} 13. Bf4 {[%clk 00:58:55]} {[%emt
00:03:14]} Qe7 {[%clk 01:16:34]} {[%emt 00:03:05]} 14. O-O-O {[%clk 00:55:38]}
{[%emt 00:03:47]} Rfd8 {[%clk 01:13:58]} {[%emt 00:03:06]} 15. Qd3 {[%clk
00:49:28]} {[%emt 00:06:40]} Nf8 {[%clk 01:13:27]} {[%emt 00:01:00]} 16. Qe3
{[%clk 00:47:51]} {[%emt 00:02:08]} Rxd1+ {[%clk 01:04:00]} {[%emt 00:09:56]}
17. Rxd1 {[%clk 00:47:58]} {[%emt 00:00:23]} Rd8 {[%clk 01:03:21]} {[%emt
00:01:09]} 18. Rxd8 {[%clk 00:45:39]} {[%emt 00:02:49]} Nxd8 {[%clk 01:01:42]}
{[%emt 00:02:10]} 19. Be4 {[%clk 00:40:25]} {[%emt 00:05:43]} a5 {[%clk
01:00:16]} {[%emt 00:01:56]} 20. Nd2 {[%clk 00:37:58]} {[%emt 00:02:57]} Bxe4
{[%clk 00:55:41]} {[%emt 00:05:05]} 21. Nxe4 {[%clk 00:38:20]} {[%emt
00:00:09]} Ng6 {[%clk 00:55:01]} {[%emt 00:01:10]} 22. Bxh6 {[%clk 00:35:13]}
{[%emt 00:03:37]} Nxe5 {[%clk 00:53:55]} {[%emt 00:01:36]} 23. Bg5 {[%clk
00:35:32]} {[%emt 00:00:11]} f6 {[%clk 00:50:36]} {[%emt 00:03:48]} 24. Nxf6+
{[%clk 00:33:58]} {[%emt 00:02:05]} gxf6 {[%clk 00:50:37]} {[%emt 00:00:29]} 25.
Qxe5 {[%clk 00:32:24]} {[%emt 00:02:04]} fxg5 {[%clk 00:50:57]} {[%emt
00:00:10]} 26. f4 {[%clk 00:32:41]} {[%emt 00:00:13]} Nf7 {[%clk 00:51:00]}
{[%emt 00:00:26]} 27. Qe4 {[%clk 00:33:01]} {[%emt 00:00:10]} gxf4 {[%clk
00:51:04]} {[%emt 00:00:26]} 28. Qxf4 {[%clk 00:33:20]} {[%emt 00:00:11]} Qg5
{[%clk 00:51:29]} {[%emt 00:00:30]}  0-1

[Event "26th 4NCL Congress"]
[Site "Woodland Grange, Leamington Spa"]
[Date "2021.09.11"]
[Round "3"]
[Board "21"]
[White "Saunders, Aron"]
[Black "Rathbone-Jones, Ifan"]
[Result "1-0"]
[WhiteElo "1908"]
[BlackElo "2085"]
[PlyCount "0"]
[EventDate "2021.09.10"]
[EventRounds "5"]
[EventCountry "ENG"]

1. e4 {[%clk 01:30:57]} {[%emt 00:00:03]} d6 {[%clk 01:30:55]} {[%emt
00:00:06]} 2. d4 {[%clk 01:31:18]} {[%emt 00:00:08]} Nf6 {[%clk 01:31:21]}
{[%emt 00:00:04]} 3. Bd3 {[%clk 01:31:11]} {[%emt 00:00:37]} a6 {[%clk
01:31:44]} {[%emt 00:00:08]} 4. Nf3 {[%clk 01:29:50]} {[%emt 00:01:51]} g6
{[%clk 01:32:08]} {[%emt 00:00:06]} 5. O-O {[%clk 01:29:06]} {[%emt 00:01:13]}
Bg7 {[%clk 01:32:34]} {[%emt 00:00:05]} 6. Bf4 {[%clk 01:28:54]} {[%emt
00:00:42]} O-O {[%clk 01:27:46]} {[%emt 00:05:19]} 7. h3 {[%clk 01:27:45]}
{[%emt 00:01:39]} c5 {[%clk 01:27:23]} {[%emt 00:00:53]} 8. c3 {[%clk
01:26:05]} {[%emt 00:02:09]} Nh5 {[%clk 01:13:16]} {[%emt 00:17:30]} 9. Bh2
{[%clk 01:25:20]} cxd4 {[%clk 01:10:40]} {[%emt 00:01:29]} 10. cxd4 {[%clk
01:24:36]} {[%emt 00:01:13]} Qb6 {[%clk 01:07:26]} {[%emt 00:03:45]} 11. Nc3
{[%clk 01:16:37]} {[%emt 00:08:29]} Be6 {[%clk 00:55:32]} {[%emt 00:12:24]} 12.
e5 {[%clk 01:09:04]} {[%emt 00:08:02]} dxe5 {[%clk 00:49:50]} {[%emt 00:06:12]}
13. d5 {[%clk 01:03:04]} {[%emt 00:06:30]} Bd7 {[%clk 00:49:38]} {[%emt
00:00:42]} 14. Nxe5 {[%clk 00:56:17]} {[%emt 00:07:16]} Qxb2 {[%clk 00:47:48]}
{[%emt 00:02:21]} 15. Rc1 {[%clk 00:53:33]} {[%emt 00:03:14]} Qb4 {[%clk
00:38:42]} {[%emt 00:09:36]} 16. Ne4 {[%clk 00:48:07]} {[%emt 00:05:55]} Ba4
{[%clk 00:29:18]} {[%emt 00:09:55]} 17. Qg4 {[%clk 00:44:24]} {[%emt 00:04:12]}
Qb2 {[%clk 00:23:36]} {[%emt 00:06:13]} 18. Nxf7 {[%clk 00:36:11]} {[%emt
00:08:43]} Bd7 {[%clk 00:22:30]} {[%emt 00:01:36]} 19. Qd1 {[%clk 00:33:20]}
{[%emt 00:03:20]} Rxf7 {[%clk 00:17:35]} {[%emt 00:05:26]} 20. Ng5 {[%clk
00:32:14]} {[%emt 00:01:36]} Rf8 {[%clk 00:17:20]} {[%emt 00:00:45]} 21. Nxh7
{[%clk 00:31:26]} {[%emt 00:01:18]} Rf6 {[%clk 00:14:18]} {[%emt 00:03:32]} 22.
Nxf6+ {[%clk 00:30:48]} {[%emt 00:01:08]} Qxf6 {[%clk 00:14:47]} {[%emt
00:00:01]} 23. Rc7 {[%clk 00:28:12]} {[%emt 00:03:05]} Nf4 {[%clk 00:12:01]}
{[%emt 00:03:16]} 24. Rxb7 {[%clk 00:26:05]} {[%emt 00:02:38]} Nxg2 {[%clk
00:09:35]} {[%emt 00:02:56]} 25. Rxb8+ {[%clk 00:23:53]} {[%emt 00:02:42]} Rxb8
{[%clk 00:10:04]} 26. Bxb8 {[%clk 00:24:13]} {[%emt 00:00:09]} Bxh3 {[%clk
00:10:05]} {[%emt 00:00:29]} 27. Be4 {[%clk 00:20:51]} {[%emt 00:03:52]} Nh4
{[%clk 00:09:00]} {[%emt 00:01:35]} 28. Re1 {[%clk 00:19:51]} {[%emt 00:01:30]}
Qg5+ {[%clk 00:08:04]} {[%emt 00:01:27]} 29. Bg3 {[%clk 00:20:14]} {[%emt
00:00:06]} Bg4 {[%clk 00:08:15]} {[%emt 00:00:19]} 30. Qc1 {[%clk 00:18:44]}
{[%emt 00:02:00]} Qh5 {[%clk 00:08:45]} 31. Bxh4 {[%clk 00:16:09]} {[%emt
00:03:06]} Qxh4 {[%clk 00:09:14]} 32. Qf4 {[%clk 00:15:59]} {[%emt 00:00:40]}
Qh5 {[%clk 00:09:13]} {[%emt 00:00:31]} 33. Bg2 {[%clk 00:15:54]} {[%emt
00:00:35]} Bf5 {[%clk 00:03:31]} {[%emt 00:06:13]} 34. Rxe7 {[%clk 00:14:07]}
{[%emt 00:02:16]} Qd1+ {[%clk 00:04:01]} 35. Bf1 {[%clk 00:12:21]} {[%emt
00:02:16]} Bf8 {[%clk 00:04:30]} 36. Re3 {[%clk 00:12:02]} {[%emt 00:00:49]}
Bd7 {[%clk 00:03:39]} {[%emt 00:01:21]} 37. Rf3 {[%clk 00:11:05]} {[%emt
00:01:27]} Bf5 {[%clk 00:03:55]} {[%emt 00:00:15]} 38. Rg3 {[%clk 00:11:25]}
{[%emt 00:00:09]} Kh7 {[%clk 00:03:33]} {[%emt 00:00:52]} 39. Qh4+ {[%clk
00:11:31]} {[%emt 00:00:24]} Bh6 {[%clk 00:04:03]} {[%emt 00:00:01]} 40. Qe7+
{[%clk 00:11:44]} {[%emt 00:00:17]} Bg7 {[%clk 00:04:32]} 41. d6 {[%clk
00:11:33]} {[%emt 00:00:42]} Kg8 {[%clk 00:03:41]} {[%emt 00:01:20]} 42. Qd8+
{[%clk 00:11:11]} {[%emt 00:00:52]} Bf8 {[%clk 00:03:27]} {[%emt 00:00:45]} 43.
d7 {[%clk 00:10:32]} {[%emt 00:01:09]} Kg7 {[%clk 00:01:41]} {[%emt 00:02:15]}
44. Qe8 {[%clk 00:09:43]} {[%emt 00:01:19]} Qxd7 {[%clk 00:02:10]} {[%emt
00:00:02]} 45. Qxd7+ {[%clk 00:10:06]} {[%emt 00:00:07]} Bxd7 {[%clk 00:02:39]}
46. Bxa6 {[%clk 00:10:25]} {[%emt 00:00:11]} Kf6 {[%clk 00:02:32]} {[%emt
00:00:37]} 47. Rf3+ {[%clk 00:10:16]} {[%emt 00:00:38]} Ke7 {[%clk 00:03:01]}
{[%emt 00:00:01]} 48. Bc4 {[%clk 00:10:36]} {[%emt 00:00:09]} Bh6 {[%clk
00:03:12]} {[%emt 00:00:19]} 49. Rf7+ {[%clk 00:10:43]} {[%emt 00:00:24]} Kd8
{[%clk 00:03:08]} {[%emt 00:00:34]} 50. Rf6 {[%clk 00:11:03]} {[%emt 00:00:10]}
Bf5 {[%clk 00:03:32]} {[%emt 00:00:06]} 51. a4 {[%clk 00:11:07]} {[%emt
00:00:26]} Bg7 {[%clk 00:02:55]} {[%emt 00:01:07]} 52. Rf7 {[%clk 00:11:24]}
{[%emt 00:00:12]} Bc3 {[%clk 00:03:23]} 53. Kg2 {[%clk 00:11:34]} {[%emt
00:00:20]} Be4+ {[%clk 00:03:13]} {[%emt 00:00:41]} 54. f3 {[%clk 00:11:56]}
{[%emt 00:00:08]} Bc6 {[%clk 00:03:35]} {[%emt 00:00:08]} 55. Bb5 {[%clk
00:12:17]} {[%emt 00:00:09]} 1-0
*

[Event "26th 4NCL Congress"]
[Site "Woodland Grange, Leamington Spa"]
[Date "2021.09.11"]
[Round "3"]
[Board "23"]
[White "Stubbs, Oliver"]
[Black "Li, Ethan Bingxuan"]
[Result "1-0"]
[WhiteElo "2073"]
[BlackElo "1858"]
[PlyCount "121"]
[EventDate "2021.09.10"]
[EventRounds "5"]
[EventCountry "ENG"]

1. d4 Nf6 2. Nf3 e6 3. Bf4 d5 4. e3 c5 5. c3 Bd6 6. Bg3 Qe7 7. dxc5 Bxg3 8.
hxg3 Qxc5 9. Nbd2 Nc6 10. Bd3 h6 11. Qe2 a6 12. e4 Qe7 13. Rd1 O-O 14. e5 Nh7
15. g4 f6 16. exf6 Qxf6 17. Bxh7+ Kxh7 18. g5 Qg6 19. Kf1 e5 20. Nxe5 Qxg5 21.
Ndf3 Qf5 22. Qd3 Nxe5 23. Nxe5 Be6 24. Rh4 Kg8 25. Qxf5 Rxf5 26. Nf3 Raf8 27.
Rd2 Rf4 28. Rxf4 Rxf4 29. Rd4 Rxd4 30. Nxd4 Bd7 31. Ke2 g5 32. Ke3 Kf7 33. Nf3
Ke6 34. Kd4 Kd6 35. b4 g4 36. Nh4 h5 37. g3 b6 38. Ng2 Be6 39. Nf4 Bf7 40. a3
b5 41. Nd3 Be6 42. Ke3 Kc6 43. Kf4 d4 44. Ke5 Bc4 45. Kxd4 Bxd3 46. Kxd3 Kd5
47. c4+ bxc4+ 48. Kc3 Ke4 49. a4 Kf3 50. b5 axb5 51. axb5 Kxf2 52. b6 Kxg3 53.
b7 Kg2 54. b8=Q g3 55. Qh8 Kf1 56. Qxh5 g2 57. Qf3+ Kg1 58. Kxc4 Kh2 59. Qf2
Kh1 60. Qh4+ Kg1 61. Kd3  1-0